000 00553nam a2200193 a 4500
005 20220910063650.0
008 170621s2009 mx r 000 0 spa d
020 _a9789505818334
035 _aUPN01000219022
049 _aI
050 4 _aPZ74.3
_bC6.5
100 1 _aCorral, María Teresa
_941430
245 1 0 _aMaría, Mariana, Mariela /
_cMaría Teresa Corral ; il. Oscar Rojas.
260 _aBuenos Aires :
_bColihue,
_c2009.
300 _a[12] p. :
_bil.
440 4 _aLos morochitos
650 7 _aPoesía infantil
_2
_91259
905 _aInfantil
999 _c191122
_d191122